000 00416nam a2200121Ia 4500
008 220217s9999 xx 000 0 und d
245 0 _aSafety, protective and occupational footwear for professional use. Part II. Specification for safety footwear.
260 _c2002
500 _aStandard number: IS 15298 Part II ISO 8782 -2; 1998
650 _aOccupational footwear
650 _aSafety footwear
942 _cST
999 _c73563
_d73563